000 00798nam a2200241Ia 4500
003 OSt
005 20220926022342.0
006 a|||||r|||| 00| 0
007 ta
008 220923b |||||||| |||| 00| 0 eng d
037 _cGeneral Book
040 _aRTL
_cRTL
_beng
041 _2eng
_aeng
082 _aX9(J382):2.467.P, P3
110 _aUnited Nations, Economic And Social Commission For Western Asia
245 0 _aEnhacing agricultural prductivity through on-farm
260 _aNew York
_bUnited Nations U S A
_c2003
300 _a39p. Bib p. 32-33
_ccm.
650 _aAgriculture Industry - Wheat
700 _aUnited Nations, Economic And Social Commission For Western Asia
_9236312
942 _hX9(J382):2.467.P, P3
_cGB
_2CC
999 _c639263
_d639263